LEADER 01713nam a2200361 a 4500 001 000000129074 003 CaOOAMICUS 005 20140127130003.0 008 120525s2012 it u000 u ita r 020 $a978-88-348-2559-4 040 $aPUL$bita 041 0 $aita$aeng 082 04$a342.45 245 02$aI diritti cultural-religiosi dall'Africa all'Europa /$ca cura di Francesco Alicino, Federica Botti. 260 $aTorino :$bG. Giappichelli,$c©2012. 300 $aVII, 426 p. ;$c24 cm. 546 $aAbstract in inglese alla fine di ogni contributo. 650 4$aImmigrati$xDiritto$zItalia.$0(OLS)http://pul/subject/33617 650 04$aLibertą religiosa$zEuropa.$0(OLS)http://pul/subject/20324 700 1 $aAlicino, Francesco.$0(OLS)http://pul/name/82597 700 1 $aBotti, Federica.$0(OLS)http://pul/name/81954 850 $aPUL 852 $aPUL$W1$xSL Diritto e Scienze Sociali 3$y79$m342. 45 ALIFR 1$j149453$qDDC 21$q $B147990$CPULBib$Z2$F147990 $H119886 $81 852 $aPUL$W1$xSL Diritto e Scienze Sociali 3$y79$m323. 4 ALIFR 1$j158152$a2. copia$qDDC 21$B157571$CPULBib$Z2$F157571 $H123355 $82 852 $aPUL$W1$xDP1 Fondo G. Barberini$y122$m3 G 85$j166767$b3 copia$qFondi$B179750$CPULBib$Z2$F179750 $HBar2061 $82 941 1 $a9 941 1 $a1 996 $6020$a978-88-348-2559-4$9(OLS)http://pul/number/149826 996 $6082$a342.45$9(OLS)http://pul/classification/377 996 $6245$aI diritti cultural-religiosi dall'Africa all'Europa$9(OLS)http://pul/title/163095 996 $6260$aTorino :$bG. Giappichelli$9(OLS)http://pul/publisher/49130 LEADER 01301nam a2200301 a 4500 001 000000000861 003 CaOOAMICUS 005 20140410115229.0 008 940517s1950 it u000 u ita r 035 $a10018265 040 $aPUL(R)$bita 041 1 $aita$heng 100 1 $aToynbee, Arnold Joseph,$d1889-1975.$0(OLS)http://pul/name/981 240 10$aStudy of history.$lItaliano.$0(OLS)http://pul/title/1252 245 13$aLe civiltą nella storia /$cArnold J. Toynbee ; compendio di D.C. Somervell. 260 $aTorino :$bEinaudi,$c1950. 300 $a761 p. ;$c22 cm 490 1 $aBiblioteca di cultura storica (Einaudi) ;$v38 650 4$aCiviltą$xStoria.$0(OLS)http://pul/subject/954 700 1 $aSomervell, D.C.$0(OLS)http://pul/name/89077 830 0$aBiblioteca di cultura storica (Einaudi) ;$v38.$0(OLS)http://pul/title/1254 850 $aPUL 852 $aPUL$W1$xDP1 Fondo Cecchetti$y53$m268 D 19$j1099$nBK-PRI$b $qFondi$B1099$CPULBib$Z2$F1099 $HPUL2378 $81 852 $aPUL$W1$xDP1 Fondo E. Rossi$y115$m7 D 15$j159213$a2. copia$qFondi$B158753$CPULBib$Z2$F158753 $82 941 1 $a1 996 $6245$aLe civiltą nella storia$9(OLS)http://pul/title/1253 996 $6260$aTorino :$bEinaudi$9(OLS)http://pul/publisher/48130